MARC details
| 000 -CABECERA |
| campo de control de longitud fija |
01092cam a2200277 a 4500 |
| 001 - NÚMERO DE CONTROL |
| campo de control |
000010661 |
| 003 - IDENTIFICADOR DEL NÚMERO DE CONTROL |
| campo de control |
UkOxU |
| 005 - FECHA Y HORA DE LA ÚLTIMA TRANSACCIÓN |
| campo de control |
20200929162250.0 |
| 008 - DATOS DE LONGITUD FIJA--INFORMACIÓN GENERAL |
| campo de control de longitud fija |
770524m19739999ve a 001 0 spa d |
| 035 ## - NÚMERO DE CONTROL DEL SISTEMA |
| Número de control de sistema |
OCLC ocm02991647 from D970828M |
| 040 ## - FUENTE DE LA CATALOGACIÓN |
| Centro catalogador/agencia de origen |
DO-SdBNP |
| Lengua de catalogación |
spa |
| Centro/agencia transcriptor |
IXA |
| Centro/agencia modificador |
EQO |
| -- |
BNPHU |
| 082 ## - NÚMERO DE LA CLASIFICACIÓN DECIMAL DEWEY |
| Número de clasificación |
001.487 |
| Número de documento/Ítem |
G192i |
| 049 ## - FONDOS LOCALES (OCLC) |
| Fondos de biblioteca |
BNGR |
| 100 1# - ENTRADA PRINCIPAL--NOMBRE DE PERSONA |
| Nombre de persona |
Gamero, Alonso. |
| Forma completa/desarrollada del nombre |
(Alonso Gamero Reyes) |
| Fechas asociadas al nombre |
1923- |
| 9 (RLIN) |
25825 |
| 245 10 - MENCIÓN DE TÍTULO |
| Título |
Imagen de la ciencia / |
| Mención de responsabilidad, etc. |
Alonso Gamero ; prólogo Miguel Layrisse. |
| 260 ## - PUBLICACIÓN, DISTRIBUCIÓN, ETC. |
| Lugar de publicación, distribución, etc. |
Caracas : |
| Nombre del editor, distribuidor, etc. |
Monte Ávila Editores, |
| Fecha de publicación, distribución, etc. |
1973. |
| 300 ## - DESCRIPCIÓN FÍSICA |
| Extensión |
v. : |
| Otras características físicas |
il. ; |
| Dimensiones |
16 cm. |
| 490 1# - MENCIÓN DE SERIE |
| Mención de serie |
Científica |
| Designación de volumen o secuencia |
36 |
| 500 ## - NOTA GENERAL |
| Nota general |
"Una recopilación de algunos de los programas radiales que, bajo el título de 'Imagen de la ciencia' se han estado difundiendo diariamente en varias emisoras del país." |
| 650 #4 - PUNTO DE ACCESO ADICIONAL DE MATERIA--TÉRMINO DE MATERIA |
| Término de materia o nombre geográfico como elemento de entrada |
Investigación científica |
| Subdivisión general |
Venezuela |
| 9 (RLIN) |
25826 |
| 650 #4 - PUNTO DE ACCESO ADICIONAL DE MATERIA--TÉRMINO DE MATERIA |
| Término de materia o nombre geográfico como elemento de entrada |
Tecnología |
| Subdivisión general |
Venezuela |
| 9 (RLIN) |
25827 |
| 650 #4 - PUNTO DE ACCESO ADICIONAL DE MATERIA--TÉRMINO DE MATERIA |
| Término de materia o nombre geográfico como elemento de entrada |
Recuperación de tierras |
| Subdivisión general |
Venezuela |
| 9 (RLIN) |
25828 |
| 700 1# - PUNTO DE ACCESO ADICIONAL--NOMBRE DE PERSONA |
| Nombre de persona |
Layrisse, Miguel, |
| Término indicativo de función/relación |
pról. |
| 9 (RLIN) |
25829 |
| 830 #0 - PUNTO DE ACCESO ADICIONAL DE SERIE-TÍTULO UNIFORME |
| Título uniforme |
Científica ; |
| Designación de volumen o secuencia |
36 |
| 9 (RLIN) |
25797 |
| 910 ## - DATOS DE OPCIÓN DEL USUARIO (OCLC) |
| Datos de opción del usuario |
Catalogación por copia / Oxford |